|
|
|
|
| LEADER |
00000nab a2200000 ar4500 |
| 001 |
vtls009338662 |
| 003 |
SK-MaSNL |
| 005 |
20260303055538.0 |
| 008 |
080926c19760617xo |r|p|||||||000 b|slo |
| 015 |
|
|
|a SNBRB1976
|
| 038 |
|
|
|a SNKBUCL
|
| 040 |
|
|
|a SNKBUCL
|b slo
|c SNKBUCL
|e AACR2
|
| 041 |
|
|
|a slo
|
| 044 |
|
|
|a xo
|c SK
|
| 080 |
|
|
|a 78.071.2:786.6
|2 1997
|
| 080 |
|
|
|a 786.6
|2 1997
|
| 245 |
0 |
0 |
|a Prezentovali sa európske školy
|c [autor] (eč)
|
| 611 |
2 |
7 |
|a Dni organovej hudby
|d (1976 :
|c Bratislava, Slovensko)
|2 snkbucl
|9 1051069
|
| 773 |
0 |
|
|t Práca
|g (17.6.1976), s. 6
|
| 852 |
|
|
|a SNK
|b KIS3GCP
|
| 958 |
|
|
|a SK
|
| 999 |
|
|
|c 1727872
|d 1729802
|